Statistieken voor Landen Eindigend op I

Klik hier om de quiz te nemen!

Algemene statistieken

  • Deze quiz is 19 keer genomen
  • De gemiddelde score is 7 van 10

Antwoordstatistieken

land% Correct
Chili
87%
Fiji
87%
Kiribati
80%
Burundi
73%
Djibouti
73%
Eswatini
73%
Malawi
73%
Mali
67%
Brunei
60%
Haïti
60%

Scoreverdeling

Percentiel versus Aantal Correcte Antwoorden

Procent van Mensen met Elke Score

Uw Scoregeschiedenis

U heeft deze quiz nog niet genomen